| 000 | 00779nam a22002777a 4500 | ||
|---|---|---|---|
| 001 | 347719 | ||
| 003 | DO-SdBNP | ||
| 005 | 20180125112245.0 | ||
| 007 | 347719 | ||
| 008 | 990920s1998 sp | ||| ||spa | ||
| 016 | 7 | _2BPMSU | |
| 020 | _a8432091065 | ||
| 040 |
_aBPMSU _bspa _cBPMSU |
||
| 041 | 1 | _aspa | |
| 100 | 1 |
_aStevenson, Robert Louis, _d1850-1894. |
|
| 240 | 1 | 4 |
_aThe black arrow _lEspañol |
| 245 | 1 | 3 |
_aLa flecha negra / _cRobert L. Stevenson. |
| 250 | _a2ª ed. | ||
| 260 |
_aBarcelona, España : _bPlaneta, _c1998. |
||
| 300 |
_a295 p. : _bil. ; _c20 cm. |
||
| 490 | 1 | _aBiblioteca mundial de grandes aventuras | |
| 830 | _pBiblioteca mundial de grandes aventuras | ||
| 942 |
_2ddc _cBK |
||
| 945 | _aInventariado, 2018 /LP | ||
| 956 |
_aVMATEO _6BPMSU _b10 |
||
| 999 |
_c8782 _d8782 |
||